Escribe el Abecedario al Revés en 30 segundos - Estadísticas

Estadísticas generales
  • Esta prueba ha sido intentada 58 veces
    30 desde el último reinicio
  • La puntuación promedio es 14 de 26
Estadísticas de respuestas
Letra % Correcto
Z
100%
V
93%
W
93%
X
93%
Y
93%
U
79%
O
64%
P
64%
Q
64%
S
64%
T
64%
K
57%
L
57%
M
57%
N
57%
R
57%
J
43%
H
29%
I
29%
F
21%
G
21%
A
14%
B
14%
C
14%
D
14%
E
14%
No se encontraron pruebas coincidentes
Distribución de puntuación
Porcentaje de gente con cada puntuación
Porcentaje por número respondido
Historial de tus puntuaciones
No has intentado esta prueba desde el último reinicio